| 000 | 02007cam a2200373 i 4500 | ||
|---|---|---|---|
| 001 | 17629907 | ||
| 003 | OSt | ||
| 005 | 20211217142752.0 | ||
| 008 | 130219s2014 nyu b 001 0 eng | ||
| 010 | _a 2013001614 | ||
| 020 | _a9780415537049 (Hardback : acidfree paper) | ||
| 020 | _a9780415537056 (Paperback : acidfree paper) | ||
| 020 | _z9780203110904 (eBook) | ||
| 040 |
_aDLC _beng _cDLC _erda _dDLC |
||
| 042 | _apcc | ||
| 050 | 0 | 0 | _aP96.P75.H37 |
| 082 | 0 | 0 |
_a302.2301/9 _223 |
| 100 | 1 | _aHarris, Richard Jackson. | |
| 245 | 1 | 2 |
_aA cognitive psychology of mass communication. / _cRichard Jackson Harris and Fred W. Sanborn. |
| 250 | _a6th ed. | ||
| 264 | 1 |
_aNew York: _bRoutledge, _c2014. |
|
| 300 |
_axiv, 544 p. : _c24 cm. |
||
| 336 |
_atext _2rdacontent |
||
| 337 |
_aunmediated _2rdamedia |
||
| 338 |
_avolume _2rdacarrier |
||
| 490 | 0 | _aRoutledge communication series | |
| 504 | _aIncludes bibliographical references (pages 419-501) and indexes. | ||
| 505 | _aContents: Mass communication in our wired society: the changing media landscape -- Research and theory in mass communication: How are media studied scientifically? -- The psychology of media use: Tapping into our deepest selves -- Media portrayals of groups: distorted social mirrors -- Advertising: baiting, catching, and reeling us in -- Sports, Music, and religion: emotion to the forefront -- New: setting an agenda about the world -- Politics: using news and advertising to win elections -- Violence: watching all that mayhem really matters -- Sex: is turning in turning us on? sexuality through a media lens -- Socially positive media: teaching good things to children (and the rest of us) -- Responding to media: getting our two cents in -- | ||
| 650 | 0 |
_aMass media _xPsychological aspects. |
|
| 700 | 1 | _aSanborn, Fred W. | |
| 906 |
_a7 _bcbc _corignew _d1 _eecip _f20 _gy-gencatlg |
||
| 942 |
_2lcc _cBK |
||
| 999 |
_c8310 _d15810 |
||